Представление документа в формате MARC21

Поле Инд. ПП Название Значение
Тип записи m
Библиографический уровень m
001 Контрольный номер 978ef149593546e8bfb5f6e29fc60337
005 Дата корректировки 20241121163808.8
008 Кодируемые данные 220316|||||||||ru |||||||||||||||||rus||
041 0_ a Код языка текста rus
084 a Индекс другой классификации/Индекс ББК 26.3+26.8+63.5
100 1_ a Автор Горбунова С. И.
203 a Вид содержания Текст
c Тип средства электронный
245 10 a Заглавие Река Пинега и её притоки, на которых жили мои предки
b Продолж. заглавия сборник материалов о реке Пинеге, её притоках, деревнях, людях
h Физич. носитель Электронный ресурс
260 a Место издания Мурманск
b Издательство МГТУ
c Дата издания 2021
300 a Объем 84 с.
b Иллюстрации/ тип воспроизводства ил.
500 a Примечание Электрон. текстовые дан. (1 файл : 3,52 Мб)
500 a Примечание URL: https://elib.mauniver.ru/2022/SB_22_02.pdf
500 a Примечание Доступ из локальной сети Мурманского государственного технического университета. - Загл. с титул. экрана
500 a Примечание Имеется печ. аналог 2021 г.
520 0_ a Аннотация Сборник материалов о реке Пинеге, её притоках, деревнях, людях. В сборнике собраны рассказы, фотографии пользователей интернета, из литературных источников и другие
650 04 a Основная рубрика Река Пинега-Сборники
651 _4 a Географическое наименование Мурманская область
651 _4 a Географическое наименование Архангельская область
651 _4 a Географическое наименование Пинега, река
653 0_ a Ключевые слова География реки Пинеги
a Ключевые слова Геология реки Пинеги
a Ключевые слова Деревня Архангельской области
a Ключевые слова Заповедники Архангельской области
a Ключевые слова История Архангельской области
a Ключевые слова Краеведение
a Ключевые слова Реки Архангельской области
a Ключевые слова Труды преподавателей МГТУ
a Ключевые слова Электронные версии
a Ключевые слова Этнография
a Ключевые слова Этногеография
700 12 a Другие авторы Мурманский государственный технический университет
e Роль лиц Издатель
710 12 a Организация/ юрисдикция Мурманский государственный технический университет
856 40 u URL https://elib.mauniver.ru/2022/SB_22_02.pdf
901 t Тип документа m